000 00669nam a22002177a 4500
005 20250325154535.0
008 250325b |||||||| |||| 00| 0 eng d
020 _a9789357788236
037 _cTB
040 _aLCT
_cLCT
041 _2hin
_ahin
_heng
084 _aZ2,75,15 R5
245 _aBharatiya Nagarik Suraksha Sanhita 2023
_h(Hindi)/
_bby By Taxmann's Editorial Board
260 _a New Delhi:
_bTaxmann,
_c2024
650 _aCriminal law India
_9735012
650 _alaw
650 _aBharatiya Nagarik Suraksha Sanhita
_9747526
650 _aNagarik Suraksha
_9747562
650 _aBare Act
_9747446
942 _2CC
_cTB
_hZ2,75,15 R5
_n0
999 _c1269262
_d1269262